College Quizbowl Stats
College Quizbowl Stats
Circuits
Seasons
Sets
Records
Detailed Stats
About
Loading...
2024 ACF Fall at Ohio State
Tossups
Bonuses
Players
Teams
Categories (Tossup)
Categories (Bonus)
Emma Mulligan (DII)
Ohio State C
Categories
Category
Powers
Gets
Negs
BBs
Points
Earliest Buzz
Avg. Buzz
First Buzzes
Top 3 Buzzes
Fine Arts - Other Fine Arts
0
3
0
0
30
37
71.67
0
1
Pop Culture
0
2
1
0
15
17
22.50
1
2
History - Other History
0
1
0
1
10
113
113.00
0
0
Literature - World Literature
0
1
0
0
10
90
90.00
0
0
Painting/Sculpture
0
0
0
0
0
0.00
0
0
Buzzes
Category
Answer
Value
Buzz Position
Pop Culture
Challengers
10
17
Pop Culture
Dolly Parton
10
28
Pop Culture
Ron Swanson
-5
29
Fine Arts - Other Fine Arts
the AIDS crisis
10
37
Fine Arts - Other Fine Arts
Wicked
10
71
Literature - World Literature
Margaret Atwood
10
90
Painting/Sculpture
Pre-Raphaelite Brotherhood
0
102
Fine Arts - Other Fine Arts
tango
10
107
History - Other History
Tiber River
10
113
Previous
1
Next